In memoriam Dr. Peter Kandler
| Titel: | In memoriam Dr. Peter Kandler : Ehrenmitglied der Naturforschenden Gesellschaft der Oberlausitz / Fritz Brozio und Friedhard Förster |
|---|---|
| Verfasser: | ; |
| In: |
Naturforschende Gesellschaft der Oberlausitz: Berichte der Naturforschenden Gesellschaft der Oberlausitz, Band 27 (2019), Seite 217-219 alle Artikel anzeigen |
| Veröffentlicht: | 2019 |
| Umfang: | Illustrationen |
| Format: | Aufsatz |
| Sprache: | Deutsch |
X
alg: 51619899 001A $03025:08-03-24 001B $01999:08-03-24 $t23:05:03.000 001D $03025:08-03-24 001U $0utf8 001X $00 002@ $0Aou 002C $aText $btxt $2rdacontent 002D $aohne Hilfsmittel zu benutzen $bn $2rdamedia 002E $aBand $bnc $2rdacarrier 003@ $0516198998 007A $0516198998 $aHEB 010@ $ager 010E $erda 011@ $a2019 013D $#Obituaries $#Nécrologies $#Gedächtnisschrift Nachruf $#Nekrolog $74128540-2 $8Nachruf [Ts1] $9085446491 021A $aIn memoriam Dr. Peter Kandler $dEhrenmitglied der Naturforschenden Gesellschaft der Oberlausitz $hFritz Brozio und Friedhard Förster 028A $BVerfasser $4aut $71114422304 $8Brozio, Fritz$Z1946- [Tp1] $938714482X 028C $BVerfasser $4aut $8Förster, Friedhard [Tp3] $9463128117 031A $d27 $h217-219 $j2019 034M $aIllustrationen 039B $aEnthalten in $8--Abvc--Naturforschende Gesellschaft der Oberlausitz [Tb1]. Berichte der Naturforschenden Gesellschaft der Oberlausitz. - Görlitz : Naturforschende Ges. der Oberlausitz, 1991-. - ISSN 0941-0627 $x201900000270000783 $9047057157 044K $8Kandler, Peter$Z1931-2019 [Tp1] $9451914120 044K $RNaturforschende Gesellschaft zu Görlitz $#NfGOL $#Naturforschende Gesellschaft der Oberlausitz e.V. $73013278-2 $8Naturforschende Gesellschaft der Oberlausitz [Tb1] $9044048491 044K $RBiologe $ROrnithologin $#Ornithologists $#Ornithologues $#Ornitologi $74172846-4 $8Ornithologe [Ts1] $9085800252 045R $aGeschichte 1931-2019 045T $a12 $a11 $a21 045T $aBIODIV $qDE-30 $2FID lok: 51619899 78 exp: 51619899 78 1 #EPN 201B/01 $008-03-24 $t18:00:52.000 201C/01 $008-03-24 201U/01 $0utf8 203@/01 $01257823973 208@/01 $a08-03-24 $be 209A/01 $a/ $f000 $x00 209A/01 $ab*p $x01 220C/01 $apgar 244Z/01 $#Germania Slavica $#"Germania Slavica" $#Germania Slavica $#Germania Slavica $#Germania Slavica $#Germania Slavica $#Germania Slavica $8--Trx--Germania Slavica $x11 $9391371002 247C/01 $82080>Marburg/Lahn, Herder-Institut, Forschungsbibliothek, Bibliographieportal $9336309341
| LEADER | 00000caa a2200000 c 4500 | ||
|---|---|---|---|
| 001 | 516198998 | ||
| 003 | DE-603 | ||
| 005 | 20240308230503.0 | ||
| 007 | tu | ||
| 008 | 240308s2019 xx |||| | u00||u|ger c | ||
| 035 | |a (DE-599)HEB516198998 | ||
| 040 | |a DE-603 |b ger |c DE-603 |d DE-603 |e rda | ||
| 041 | |a ger | ||
| 084 | |a 12 |a 11 |a 21 |2 ssgn | ||
| 084 | |a BIODIV |q DE-30 |2 fid | ||
| 100 | 1 | |a Brozio, Fritz |d 1946- |e Verfasser |4 aut |0 (DE-603)38714482X |0 (DE-588)1114422304 |2 gnd | |
| 245 | 0 | 0 | |a In memoriam Dr. Peter Kandler |b Ehrenmitglied der Naturforschenden Gesellschaft der Oberlausitz |c Fritz Brozio und Friedhard Förster |
| 264 | 0 | |c 2019 | |
| 300 | |b Illustrationen | ||
| 336 | |a Text |b txt |2 rdacontent | ||
| 337 | |a ohne Hilfsmittel zu benutzen |b n |2 rdamedia | ||
| 338 | |a Band |b nc |2 rdacarrier | ||
| 600 | 1 | 7 | |a Kandler, Peter |d 1931-2019 |0 (DE-588)1192692845 |0 (DE-603)451914120 |2 gnd |
| 610 | 1 | 7 | |a Naturforschende Gesellschaft der Oberlausitz |2 gnd |0 (DE-588)3013278-2 |0 (DE-603)044048491 |
| 648 | 7 | |a Geschichte 1931-2019 |2 gnd | |
| 650 | 7 | |a Ornithologe |0 (DE-588)4172846-4 |0 (DE-603)085800252 |2 gnd | |
| 655 | 7 | |a Nachruf |2 gnd-content |0 (DE-588)4128540-2 |0 (DE-603)085446491 | |
| 700 | 1 | |a Förster, Friedhard |e Verfasser |4 aut |0 (DE-603)463128117 |0 (DE-588)1208649310 |2 gnd | |
| 773 | 0 | 8 | |i Enthalten in |a Naturforschende Gesellschaft der Oberlausitz |t Berichte der Naturforschenden Gesellschaft der Oberlausitz |d Görlitz : Naturforschende Ges. der Oberlausitz, 1991- |h 24 cm |x 0941-0627 |g Band 27 (2019), Seite 217-219 |w (DE-603)047057157 |w (DE-600)33271-9 |
| 924 | 0 | |9 2080 |a (DE-603)1257823973 |b DE-2080 |c HES |d d |g / | |


